İsveç parlamentosu'nda soykırım tartışmaları ve tanıma kararının alınması (Record no. 624)

MARC details
000 -BAŞLIK
Sabit Uzunlukta Kontrol Alanı 00669na a2200217 4500
001 - KONTROL NUMARASI
Denetim Alanı 17099
003 - KONTROL NUMARASI IDENTIFIER
Denetim Alanı MIRAKIL
005 - SON İŞLEM TARİHİ VE ZAMANI
Denetim Alanı 20181213154755.0
008 - SABİT-BOY VERİ ELEMANLARI - GENEL BİLGİLER
Sabit Uzunlukta Kontrol Alanı 161022b tu 000 0
040 ## - KATALOGLAMA KAYNAK
Orijinal Kataloglama Ajansı Milas
Kataloglama Dili tur
Metne Dönüştürmek Ajansı TR-AnCHP
041 ## - DİL KODU
Metin / Ses Parça Veya Ayrı Başlığın Dil Kodu tur
082 ## - DEWEY ONLU SINIFLANDIRMA NUMARASI
Sınıflandırma Numarası 364.151
Ürün Numarası İ78 2010
090 ## - SINIFLAMA NUMARASI
Sınıflama Numarası 364.151 İ78 2010
245 ## - BAŞLIK TABLOSU
Başlık İsveç parlamentosu'nda soykırım tartışmaları ve tanıma kararının alınması
Sorumluluk Tablosu, Vb derleyenler: Asım Kurtoğlu, A. Haydar Akan
260 ## - YAYIN, DAĞITIM, VB
Yayın, Dağıtım, Vb Yeri [y.y.]
Yayıncı, Dağıtıcı, Vs Adı Türkiye Bilgi Forumu
Yayın, Dağıtım, Vb Tarihi 2010
300 ## - FİZİKSEL TANIM
Kapsam 147 s.
Boyutlar 21 sm.
650 ## - KONU KATMA GİRİŞ - TOPİKAL DÖNEM
Topikal Süreli Veya Coğrafi Ad Giriş Elemanı Soykırım
Genel Alt Bölümü Tartışmalar
Coğrafi Alt Bölümü İsveç
700 ## - KATMA GİRİŞ - KİŞİSEL İSİM
Kişisel Ad Akan, A. Haydar
700 ## - KATMA GİRİŞ - KİŞİSEL İSİM
Kişisel Ad Kurtoğlu, Asım
942 ## - EKLENDİ GİRİŞ ELEMANLARI (KOHA)
Sınıflandırma Veya Raf Düzeni Kaynak
Koha Öğesi Türü Books
999 ## - SİSTEM KONTROL NUMARALARI (KOHA)
Koha Biblionumber 624
Koha Biblioitemnumber 624
Holdings
Kalıcı Konum Mevcut Konum Edinme Tarihi Edinim Kaynak Toplam Check-Out'Lar Tam Çağrı Numarası Barkod Tarih Son Görülme İtibaren Geçerli Fiyatlar Koha Öğesi Türü
CHP Kütüphanesi CHP Kütüphanesi 10/22/2016 Bağış   364.151 İ78 2010 007022 10/22/2016 10/22/2016 Books